Data structures, algorithms, and object-oriented programming / (Record no. 175256)
[ view plain ]
| 000 -LEADER | |
|---|---|
| fixed length control field | 01099 a2200241 4500 |
| 003 - CONTROL NUMBER IDENTIFIER | |
| control field | Nust |
| 005 - DATE AND TIME OF LATEST TRANSACTION | |
| control field | 20230602194311.0 |
| 010 ## - LIBRARY OF CONGRESS CONTROL NUMBER | |
| LC control number | 95082432 |
| 020 ## - INTERNATIONAL STANDARD BOOK NUMBER | |
| International Standard Book Number | 0070278938 |
| 035 ## - SYSTEM CONTROL NUMBER | |
| System control number | (OCoLC)34838899 |
| 040 ## - CATALOGING SOURCE | |
| Transcribing agency | Nust |
| 082 ## - DEWEY DECIMAL CLASSIFICATION NUMBER | |
| Classification number | 005.73,HEI |
| 100 1# - MAIN ENTRY--PERSONAL NAME | |
| Personal name | Heileman, Gregory L. |
| 9 (RLIN) | 112972 |
| 245 10 - TITLE STATEMENT | |
| Title | Data structures, algorithms, and object-oriented programming / |
| Statement of responsibility, etc. | Gregory L. Heileman. |
| 260 ## - PUBLICATION, DISTRIBUTION, ETC. | |
| Place of publication, distribution, etc. | New York : |
| Name of publisher, distributor, etc. | McGraw-Hill, |
| Date of publication, distribution, etc. | c1996. |
| 300 ## - PHYSICAL DESCRIPTION | |
| Extent | xvi, 446 p. : |
| Other physical details | ill. ; |
| Dimensions | 24 cm. |
| 440 #0 - SERIES STATEMENT/ADDED ENTRY--TITLE | |
| Title | McGraw-Hill series in computer science. |
| 9 (RLIN) | 55540 |
| 505 ## - FORMATTED CONTENTS NOTE | |
| Formatted contents note | Fundamentals (Page-1), Algorithmic (Page-30), Data Structures And C Programs (Page-60), Object-Oriented Programming In C++, Stacks And Queues (Page-165), Binary Search Trees (Page-190), Hashing (Page- 218), Priority Queues (Page-251), Amortized Analysis (Page-277), Balanced Search Trees (Page-294), Heaps (Page- 324), Dynamic Sets Of Special Operations (Page-346). |
| 650 #0 - SUBJECT ADDED ENTRY--TOPICAL TERM | |
| Topical term or geographic name entry element | Computer algorithms. |
| 650 #0 - SUBJECT ADDED ENTRY--TOPICAL TERM | |
| Topical term or geographic name entry element | Data structures (Computer science) |
| 650 #0 - SUBJECT ADDED ENTRY--TOPICAL TERM | |
| Topical term or geographic name entry element | Object-oriented programming (Computer science) |
| 942 ## - ADDED ENTRY ELEMENTS (KOHA) | |
| Source of classification or shelving scheme | |
| Koha item type | Book |
| Withdrawn status | Lost status | Source of classification or shelving scheme | Damaged status | Not for loan | Permanent Location | Current Location | Shelving location | Date acquired | Full call number | Barcode | Date last seen | Price effective from | Koha item type | Public note |
|---|---|---|---|---|---|---|---|---|---|---|---|---|---|---|
| Military College of Signals (MCS) | Military College of Signals (MCS) | General Stacks | 12/12/2016 | 005.73,HEI | MCS26296 | 12/08/2016 | 12/12/2016 | Book | Almirah No.81, Shelf No.2 |
